Write it down! (Record no. 405682)

MARC details
000 -LEADER
fixed length control field 00254nam a2200097Ia 4500
082 ## - DEWEY DECIMAL CLASSIFICATION NUMBER
Classification number J 808.06692 WELS
008 - FIXED-LENGTH DATA ELEMENTS--GENERAL INFORMATION
fixed length control field 210817s9999 xx 000 0 und d
100 ## - MAIN ENTRY--PERSONAL NAME
Personal name WELSH, Cassie Harlow, 2004
9 (RLIN) 96501
245 #0 - TITLE STATEMENT
Title Write it down!
942 ## - ADDED ENTRY ELEMENTS
item type Books

No items available.